Zdokonaľovanie hospodárskeho mechanizmu z hľadiska vnútorných a vonkajších podmienok reprodukčného procesu

Bibliographic Details
Main Author: Hlavatý, Egon, 1930-2011 (Author)
Format: Article
Language:Slovak
PhysicalDescription:Res. rus., angl.
Subjects:

MARC

LEADER 00000nab a2200000 a 4500
001 vtls000063038
003 SK-MaSNL
005 20260418034517.0
008 250422c1980 xo 0 slo
015 |a SNBRB19rr/mm-uuuuu 
035 |a CL0073138 
035 |a urn:nbn:sk:snk-ab6q9q 
035 |a (uuid)bb3cab43-3a67-46ea-b053-2174113bb3d3 
035 |a (urnnbn)urn:nbn:sk:snk:ar-a057up 
035 |a (sysno)vtls000063038 
040 |a SNKBUCL  |b slo  |c SNKBUCL  |e AACR2 
041 0 |a slo 
044 |a xo  |c SK 
080 |a 338.1  |2 1981 
080 |a 330.3  |2 1981 
100 1 |a Hlavatý, Egon,  |d 1930-2011  |4 aut  |9 92755 
245 1 0 |a Zdokonaľovanie hospodárskeho mechanizmu z hľadiska vnútorných a vonkajších podmienok reprodukčného procesu  |c Egon Hlavatý 
300 |b Res. rus., angl. 
650 0 7 |a ekonomika socialistická  |2 snkbucl  |9 921629 
650 0 7 |a efektívnosť  |2 snkbucl  |9 279683 
655 7 |a články z novín a časopisov  |2 snkbucl  |9 267496 
773 0 |t Ekonomický časopis  |g Roč. 28, č. 5 (1980), s. 437-452 
850 |a Slovenská národná knižnica 
852 |a Slovenská národná knižnica 
954 |a odborná, vedecká literatúra pôvodná (slovenská)  |2 lita 
958 |a article27 
958 |a RK 
958 |a OND 
958 |a EUIPO 
992 |a RBX 
999 |c 2760139  |d 2762069